Sofia - Clairo - Statistics

General Stats
  • This quiz has been taken 188 times
  • The average score is 275 of 301
Answer Stats
Hint Answer % Correct
Chorus | Outro I
100%
you
100%
Verse 1 You
100%
you,
100%
do
99%
could
98%
it
98%
we
98%
say
97%
think
97%
a
96%
that
96%
and
95%
if
95%
know
95%
your
95%
like
94%
mine
94%
tried
94%
Sofia
93%
sofia
93%
crime
92%
feel
92%
shouldn't
92%
to
92%
love
91%
you're
91%
only
90%
with
88%
i'm
85%
in
85%
me
85%
but
83%
my
83%
oh
83%
anything
82%
ask
80%
down
80%
god
80%
here
80%
I'll
80%
hair
78%
be
77%
just
75%
alone
74%
standing
73%
around
72%
don't
72%
the
72%
wanna
72%
of
71%
time
71%
now
69%
drive
68%
end
68%
how
68%
were
67%
baby
62%
can
62%
'til
62%
want
62%
gotta
58%
it's
58%
wishing
58%
alright
54%
fight
53%
pull
51%
goodbye
49%
Verse 2 Honey
45%
things
44%
way
41%
fade
40%
get
39%
there's
30%
No matching quizzes found
Score Distribution
Percent of People with Each Score
Percentile by Number Answered
Your Score History
You have not taken this quiz